000 00553nam a2200181Ia 4500
008 090124s9999 xx 000 0 und d
082 _b20540
100 _aआपटे हरि नारायण
245 _a विदग्ध वाड्.मय
250 _a0
260 _c1965
300 _a24
600 _aआपटे हरि नारायण
630 _a विदग्ध वाड्.मय
700 _aआपटे हरि नारायण
730 _a विदग्ध वाड्.मय
942 _cBOOK
999 _c134345
_d134345